Shuggie Bain (Record no. 1147)

MARC details
000 -LEADER
fixed length control field 00353nam a2200157Ia 4500
003 - CONTROL NUMBER IDENTIFIER
control field OSt
005 - DATE AND TIME OF LATEST TRANSACTION
control field 20240327163527.0
008 - FIXED-LENGTH DATA ELEMENTS--GENERAL INFORMATION
fixed length control field 230219s9999 xx 000 0 und d
020 ## - INTERNATIONAL STANDARD BOOK NUMBER
International Standard Book Number 9781529064414
082 ## - DEWEY DECIMAL CLASSIFICATION NUMBER
Classification number 823
Item number STUS
100 ## - MAIN ENTRY--PERSONAL NAME
Personal name Stuart, Douglas
245 #0 - TITLE STATEMENT
Title Shuggie Bain
260 ## - PUBLICATION, DISTRIBUTION, ETC.
Place of publication, distribution, etc. New York
Name of publisher, distributor, etc. Picador
Date of publication, distribution, etc. 2020
300 ## - PHYSICAL DESCRIPTION
Extent 430
942 ## - ADDED ENTRY ELEMENTS (KOHA)
Koha item type Book
Source of classification or shelving scheme Dewey Decimal Classification
Holdings
Withdrawn status Lost status Source of classification or shelving scheme Damaged status Not for loan Collection code Home library Current library Shelving location Date acquired Cost, normal purchase price Full call number Barcode Date last seen Price effective from Koha item type Public note
    Dewey Decimal Classification     Non-fiction RIC Library RIC Library General Stacks 02/19/2023 550.00 823 STUS 000548 02/19/2023 02/19/2023 Book R-12.3

Venue

Rajasthan International Centre
Sansthan Path,JLN Marg, Jaipur- 302017
Phone: +91-7230904025